Question Bank: (Record no. 203941)

MARC details
000 -LEADER
fixed length control field 00747nam a22002057a 4500
005 - DATE AND TIME OF LATEST TRANSACTION
control field 20240704171211.0
010 ## - LCCN (DPL NO)
LC control number ENG-140752
020 ## - INTERNATIONAL STANDARD BOOK NUMBER
Terms of availability 355.00
International Standard Book Number 9788179308899
035 ## - SYSTEM CONTROL NUMBER
System control number EN-124284
082 ## - DEWEY DECIMAL CLASSIFICATION NUMBER
Classification number 004
100 ## - MAIN ENTRY--PERSONAL NAME
Personal name Gautam, Pradeep
245 ## - TITLE STATEMENT
Title Question Bank:
Remainder of title COMPUTER AWARENESS/
Medium English
Statement of responsibility, etc by Pradeep Gautam [and] Kalpana Rajaram
250 ## - EDITION STATEMENT
Edition statement Second
260 ## - PUBLICATION, DISTRIBUTION, ETC. (IMPRINT)
Place of publication, distribution, etc New Delhi
Name of publisher, distributor, etc SPECTRUM BOOKS (P) LTD.
Date of publication, distribution, etc 2024
270 ## - ADDRESS
Address A1 291, First Floor, Janakpuri,
City New Delhi
Postal code 110058
Telephone number 25507922
-- 25623501
-- 25611640
-- 9958327924
Electronic mail address info@spectrumbooksonline.in
300 ## - PHYSICAL DESCRIPTION
Extent 356 p.
Dimensions 24cm (Pb)
700 ## - ADDED ENTRY--PERSONAL NAME
Personal name Rajaram, Kalpana
9 (RLIN) 68106
942 ## - ADDED ENTRY ELEMENTS (KOHA)
Source of classification or shelving scheme Dewey Decimal Classification
Item type English Books
Classification part 004
Call number suffix GAW
Holdings
Withdrawn status Lost status Not for loan Collection code Home library Current library Date acquired Source of acquisition Cost, normal purchase price Full call number Barcode Copy number Cost, replacement price Koha item type
      Non-fiction Central Jail Tihar Central Jail Tihar 04/07/2024 DBAD 355.00 004 GAW EN-124284 1 355.00 English Books

© Delhi Public Library
Hit Counter
free hit counter